000 00393nam a2200157Ia 4500
008 230917s9999||||xx |||||||||||||| ||und||
040 _e151428
_aMAIN
041 _aEnglish
082 _a343.0944 J199M
100 _aJai, Janak Raj
245 0 _aMotor accident claims: law and procedure
250 _a3rd ed.
260 _aDelhi
_bUniversal
_c2007
300 _axix, 347p p.
942 _cBK
999 _c144717
_d144717